000 00487nam a2200157Ia 4500
008 140529s9999 xx 000 0 und d
020 _a9780323076968
050 _aRM 301.28
_b.Ed59 2013
100 _aEdmunds, Marilyn Winterton.
245 _aStudy guide for introduction to clinical pharmacology /
_cMarilyn Winterton Edmunds
250 _a7th ed.
260 _aSt. Louis, Mo :
_bMosby/Elsevier,
_cc2013.
300 _a174 p. ;
_c28 cm.
942 _kFOR
_cBK
999 _c117581
_d117581